Countries by Gun Ownership Quiz Stats

 Plays Quiz not verified by Sporcle

Score 0/30 Timer 07:00
0 Plays Today
% Correct
United States
100%
Canada
91.4%
United Kingdom
85.2%
Germany
84%
Russia
82.7%
Mexico
81.5%
France
75.3%
Australia
74.1%
Brazil
72.8%
Sweden
71.6%
Finland
69.1%
Spain
69.1%
Iraq
66.7%
Iran
65.4%
Italy
64.2%
% Correct
Turkey
63%
Switzerland
61.7%
New Zealand
60.5%
Argentina
60.5%
Austria
54.3%
Ukraine
53.1%
Greece
51.9%
South Africa
51.9%
Colombia
51.9%
Saudi Arabia
49.4%
Pakistan
49.4%
Yemen
45.7%
Serbia
30.9%
Thailand
29.6%
Angola
18.5%

You're not logged in!

Compare scores with friends on all Sporcle quizzes.
OR
Log In

Sporcle TV

Today on Sporcle TV


Watch our educational content, quiz creation guides, and fun videos on Sporcle TV.

Show Comments

Extras

Top Quizzes Today


Score Distribution

Your Account Isn't Verified!

In order to create a playlist on Sporcle, you need to verify the email address you used during registration. Go to your Sporcle Settings to finish the process.

Report this User

Report this user for behavior that violates our Community Guidelines.

Details: